[Event "Duesseldorf Post op 21st"]
[Site "Duesseldorf"]
[Date "2005.12.30"]
[Round "6"]
[White "Heidel, Andre Nicolas"]
[Black "Eismont, Igor"]
[Result "1/2-1/2"]
[WhiteElo "2130"]
[BlackElo "2309"]
[PlyCount "127"]
[EventDate "2005.12.26"]
[EventType "swiss"]
[EventRounds "7"]
[EventCountry "GER"]
[SourceTitle "CBM 110 Extra"]
[Source "ChessBase"]
[SourceDate "2006.03.10"]
[SourceVersion "2"]
[SourceVersionDate "2006.03.10"]
[SourceQuality "1"]

1. d4 d6 2. e4 Nf6 3. Nc3 e5 4. dxe5 dxe5 5. Qxd8+ Kxd8 6. Bc4 Be6 7. Bxe6 fxe6 8. Bg5 Nc6 9. 0-0-0+ Kc8 10. Nge2 a6 11. Rhf1 Bd6 12. Bxf6 gxf6 13. f4 Kd7 14. f5 Rhg8 15. Ng3 Nd4 16. fxe6+ Kxe6 17. Nd5 Raf8 18. c3 Nc6 19. Rd2 Ne7 20. Nxe7 Bxe7 21. Kc2 Rg4 22. Re2 Rfg8 23. Rf5 Rh4 24. Rh5 Rxh5 25. Nxh5 Rg5 26. Ng3 Rg4 27. b4 b5 28. Rf2 c5 29. a3 c4 30. Rd2 Rf4 31. Kd1 Rg4 32. a4 h5 33. Re2 h4 34. Nf5 bxa4 35. Kc2 Rg8 36. Nxh4 Rb8 37. Nf5 Bf8 38. Ne3 Rc8 39. Nd5 a3 40. Rf2 Be7 41. Kb1 a5 42. bxa5 Rc5 43. a6 Ra5 44. Ka2 Bd8 45. g4 Kf7 46. g5 Rxa6 47. gxf6 Bb6 48. Rf5 Bc5 49. Rxe5 Ra7 50. Rg5 Bf8 51. e5 Rb7 52. Nb4 Ke6 53. Kxa3 Ra7+ 54. Kb2 Rh7 55. Rg2 Kxe5 56. Rf2 Ke6 57. Nc6 Rh5 58. Kc2 Kf7 59. Kd2 Bd6 60. Nd8+ Kf8 61. f7 Rh6 62. h4 Be7 63. Nb7 Rb6 64. Rf4 1/2-1/2

[Event "Duisburg op 10th"]
[Site "Duisburg"]
[Date "2003.06.08"]
[Round "4"]
[White "Slaby, Jerzy"]
[Black "Heidel, Andre Nicolas"]
[Result "1/2-1/2"]
[WhiteElo "2396"]
[BlackElo "2154"]
[PlyCount "58"]
[EventDate "2003.06.07"]
[EventType "swiss"]
[EventRounds "7"]
[EventCountry "GER"]
[SourceTitle "EXT 2004"]
[Source "ChessBase"]
[SourceDate "2003.11.25"]
[SourceVersion "1"]
[SourceVersionDate "2003.11.25"]
[SourceQuality "1"]

1. e4 e6 2. d4 d5 3. Nc3 Bb4 4. e5 c5 5. a3 Ba5 6. b4 cxd4 7. Nb5 Bc7 8. f4 Ne7 9. Nf3 Bd7 10. Nxc7+ Qxc7 11. Bd3 Ba4 12. 0-0 Nd7 13. Bb2 Nb6 14. Bxd4 g6 15. Qe1 Nf5 16. Bxf5 gxf5 17. Qh4 Nc4 18. Qf6 Rg8 19. Ng5 Bxc2 20. Nxe6 Qe7 21. Ng7+ Kd7 22. Qh6 Rac8 23. Bc5 Rxc5 24. bxc5 Be4 25. Rf2 Qxc5 26. e6+ Ke7 27. Qxh7 Kf8 28. e7+ Qxe7 29. Nh5 Qd6 1/2-1/2